[Event "Gaia Profigaia op 9th"]
[Site "Vila Nova de Gaia"]
[Date "2016.06.28"]
[Round "7"]
[White "Conflitti, Alessandro"]
[Black "Castro, Joao Pedro Bastos"]
[Result "1-0"]
[WhiteElo "1754"]
[BlackElo "1489"]
[PlyCount "29"]
[EventDate "2016.06.24"]
[EventType "swiss"]
[EventRounds "7"]
[EventCountry "POR"]
[SourceTitle "EXT 2018"]
[Source "ChessBase"]
[SourceDate "2017.10.13"]
[SourceVersion "1"]
[SourceVersionDate "2017.10.13"]
[SourceQuality "1"]

1. Nf3 b6 2. e4 Bb7 3. Nc3 e6 4. d4 Bb4 5. Bd3 Nf6 6. Bg5 h6 7. Bxf6 Qxf6 8. 0-0 c5 9. Nb5 Kd8 10. a3 Ba5 11. c3 Qf4 12. g3 Qg4 13. b4 f5 14. Ne5 Qh3 15. Nd6 1-0

[Event "Gaia Profigaia op 8th"]
[Site "Vila Nova de Gaia"]
[Date "2015.06.27"]
[Round "2"]
[White "Duarte, Duarte Nuno Nog"]
[Black "Castro, Joao Pedro Bastos"]
[Result "1-0"]
[WhiteElo "1954"]
[BlackElo "1441"]
[PlyCount "48"]
[EventDate "2015.06.27"]
[EventType "swiss"]
[EventRounds "9"]
[EventCountry "POR"]
[SourceTitle "EXT 2018"]
[Source "ChessBase"]
[SourceDate "2017.10.13"]
[SourceVersion "1"]
[SourceVersionDate "2017.10.13"]
[SourceQuality "1"]

1. d4 d5 2. c4 Nf6 3. Nc3 e6 4. Bg5 c6 5. e3 Nbd7 6. a3 a6 7. Nf3 b5 8. c5 g6 9. Bd3 Bg7 10. h4 Qc7 11. Bf4 Qb7 12. Bd6 b4 13. axb4 Qxb4 14. Qc2 Nb6 15. Ne5 Bb7 16. 0-0 Nfd7 17. Na2 Qa4 18. b3 Qa3 19. Nc3 Qb4 20. Nxd7 Kxd7 21. Bg3 e5 22. cxb6 exd4 23. exd4 Bxd4 24. Rac1 Qxb6 1-0